British Overseas Territories - Statistics

General Stats
  • This quiz has been taken 160 times
    16 since last reset
  • The average score is 13 of 14
Answer Stats
Answer % Correct
Cayman Islands
100%
British Virgin Islands
100%
British Indian Ocean Territory
100%
Anguilla
100%
Gibraltar
92%
Falkland Islands
92%
Turks and Caicos Islands
92%
Bermuda
92%
Montserrat
92%
South Georgia and the South Sandwich Islands
92%
Saint Helena, Ascension and Tristan da Cunha
92%
Pitcairn Islands
85%
British Antarctic Territory
77%
Akrotiri and Dhekelia
77%
No matching quizzes found
Score Distribution
Percent of People with Each Score
Percentile by Number Answered
Your Score History
You have not taken this quiz since the last reset